000
00248nam a2200097Ia 4500
001
1250957
005
20251031150906.0
008
251031s9999 xx 000 0 und d
245
0
_c
ANITA GANERİ
_a
İ-4 KASIRGA AVCILARI
260
_b
TİMAŞ YAYINLARI
999
_c
1250957
_d
1250957